Elektronický podpis a jeho využití v praxi

Princíp digitálneho podpisu. Symetrické šifrovenie. Asymetrické šifrovanie. Certifikát a certifikačná autorita. Pohľad do histórie z hľadiska legislatívy. Možný problém elektronického podpisu.

Saved in:
Bibliographic Details
Main Author: Suchánek, Petr
Other Authors: Vaněk, Jindřich
Format: Book Chapter
Language:Czech
Subjects:
Tags: Add Tag
No Tags, Be the first to tag this record!

MARC

LEADER 00000naa$a2200000$$$4500
001 0051067
005 20231017065855.2
041 0 |a cze 
044 |a CZ 
245 1 0 |a Elektronický podpis a jeho využití v praxi  |c Petr Suchánek, Jindřich Vaněk 
520 |a Princíp digitálneho podpisu. Symetrické šifrovenie. Asymetrické šifrovanie. Certifikát a certifikačná autorita. Pohľad do histórie z hľadiska legislatívy. Možný problém elektronického podpisu. 
610 2 0 |a podpis elektronický 
610 2 0 |a komunikácia elektronická 
610 2 0 |a certifikácia 
610 2 0 |a história 
610 2 0 |a legislatíva 
100 1 |a Suchánek, Petr 
700 1 |a Vaněk, Jindřich